Statistics for US State/Territory by National Park #2

Click here to take the quiz!

General Stats

  • This quiz has been taken 39 times
  • The average score is 24 of 29

Answer Stats

National ParkState or Territory% Correct
Death ValleyCalifornia
100%
YosemiteCalifornia
100%
SequoiaCalifornia
100%
Rocky MountainColorado
100%
Hawaii VolcanoesHawaii
100%
Mammoth CaveKentucky
96%
Crater LakeOregon
96%
Bryce CanyonUtah
96%
Mount RainierWashington
96%
Gates of the ArcticAlaska
93%
BadlandsSouth Dakota
93%
Glacier BayAlaska
89%
Theodore RooseveltNorth Dakota
89%
OlympicWashington
89%
American SamoaAmerican Samoa
86%
Grand TetonWyoming
86%
Guadalupe MountainsTexas
82%
BiscayneFlorida
79%
Dry TortugasFlorida
79%
KatmaiAlaska
75%
Great Sand DunesColorado
75%
Channel IslandsCalifornia
68%
Kings CanyonCalifornia
64%
Isle RoyaleMichigan
64%
VoyageursMinnesota
57%
Capitol ReefUtah
57%
Wrangell-St EliasAlaska
54%
PinnaclesCalifornia
54%
Lake ClarkAlaska
50%

Score Distribution

Percentile by Number Answered

Percent of People with Each Score

Your Score History

You have not taken this quiz